<?xml version="1.0" encoding="UTF-8"?><?xml-stylesheet type="text/xsl" href="static/style.xsl"?><OAI-PMH xmlns="http://www.openarchives.org/OAI/2.0/" xmlns:xsi="http://www.w3.org/2001/XMLSchema-instance" xsi:schemaLocation="http://www.openarchives.org/OAI/2.0/ http://www.openarchives.org/OAI/2.0/OAI-PMH.xsd"><responseDate>2026-04-28T19:26:39Z</responseDate><request verb="GetRecord" identifier="oai:uvadoc.uva.es:10324/8105" metadataPrefix="marc">https://uvadoc.uva.es/oai/request</request><GetRecord><record><header><identifier>oai:uvadoc.uva.es:10324/8105</identifier><datestamp>2021-06-29T10:26:46Z</datestamp><setSpec>com_10324_38</setSpec><setSpec>col_10324_852</setSpec></header><metadata><record xmlns="http://www.loc.gov/MARC21/slim" xmlns:doc="http://www.lyncode.com/xoai" xmlns:xsi="http://www.w3.org/2001/XMLSchema-instance" xmlns:dcterms="http://purl.org/dc/terms/" xsi:schemaLocation="http://www.loc.gov/MARC21/slim http://www.loc.gov/standards/marcxml/schema/MARC21slim.xsd">
<leader>00925njm 22002777a 4500</leader>
<datafield tag="042" ind1=" " ind2=" ">
<subfield code="a">dc</subfield>
</datafield>
<datafield tag="720" ind1=" " ind2=" ">
<subfield code="a">Martín Alonso, Laura</subfield>
<subfield code="e">author</subfield>
</datafield>
<datafield tag="260" ind1=" " ind2=" ">
<subfield code="c">2015</subfield>
</datafield>
<datafield tag="520" ind1=" " ind2=" ">
<subfield code="a">El texto expone los resultados obtenidos en una pequeña investigación sobre los docentes de inglés y el uso de la competencia digital en las aulas. Se centra especialmente en el uso de las nuevas tecnologías para impartir esta segunda lengua en los centros educativos y, además, hace hincapié en la sociedad de la información y el conocimiento para dar respuesta a los múltiples cambios que ha sufrido la institución escolar en los últimos tiempos.&#xd;
A lo largo del escrito se analiza la relación existente entre la enseñanza del inglés y el uso de la competencia digital, tomando como referencia el testimonio de diez docentes de inglés que se han prestado a relatar esta relación contándonos sus experiencias personales y profesionales.</subfield>
</datafield>
<datafield tag="024" ind2=" " ind1="8">
<subfield code="a">http://uvadoc.uva.es/handle/10324/8105</subfield>
</datafield>
<datafield ind1=" " ind2=" " tag="653">
<subfield code="a">Lengua Inglesa</subfield>
</datafield>
<datafield ind1=" " ind2=" " tag="653">
<subfield code="a">Educación primaria</subfield>
</datafield>
<datafield tag="245" ind1="0" ind2="0">
<subfield code="a">Las competencias del profesorado de lengua extranjera: los docentes de inglés y el uso de la competencia digital</subfield>
</datafield>
</record></metadata></record></GetRecord></OAI-PMH>